Servei d'Informació Econòmica Municipal : edició 1987 edició 1987
Descripción Física:
[15] f. ; 29 cm
Otros Autores:
Centre d'Estudis de Planificació
MARC
| LEADER | 00000nam a2200000Ia 4500 | ||
|---|---|---|---|
| 001 | 22718 | ||
| 008 | 160829s1987 xx 000 0 cat d | ||
| 080 | |a FU-58-3 | ||
| 110 | 1 | |a Barcelona (Catalunya : Província). |b Servei d'Informació Econòmica Municipal |9 52724 | |
| 245 | |a Servei d'Informació Econòmica Municipal : |b edició 1987 | ||
| 260 | |a Barcelona : |b CEP, Centre d'Estudis de Planificació, |c 1987 | ||
| 300 | |a [15] f. ; |c 29 cm | ||
| 650 | 0 | |a Finances municipals |z Barcelona (Província) |9 20808 | |
| 700 | |a Centre d'Estudis de Planificació |9 35043 | ||
| 710 | 1 | |a Barcelona (Catalunya : Província). |b Diputació |9 52408 | |
| 901 | |a Arxiu | ||
| 942 | |n 1 | ||
| 952 | |0 0 |1 0 |4 0 |7 1 |9 52296 |a Arxiu |b Arxiu |d 2023-04-13 |h 1987 |o FU-58-3 |p 22718 |r 2016-12-01 00:00:00 |w 2016-12-01 |y ARXIU | ||
| 999 | |c 56144 |d 56144 | ||